| 000 | 01323nam a22004577a 4500 | ||
|---|---|---|---|
| 005 | 20230223161738.0 | ||
| 008 | 230223b2019 |||||||| |||| 00| 0 spa d | ||
| 020 | _a9786075268125 | ||
| 041 | _aESP | ||
| 082 | _a657 C392c2 | ||
| 100 |
_aCelaya Figueroa, Roberto _966927 |
||
| 100 |
_aCervantes Collado, Tomás _966928 |
||
| 245 | _aContabilidad básica | ||
| 250 | _a2 edición | ||
| 260 | _aMéxico | ||
| 260 | _bCengage Learning | ||
| 260 | _c2019 | ||
| 300 | _a242 páginas | ||
| 650 |
_aCONTABILIDAD _966929 |
||
| 650 |
_aFUNDAMENTOS _966930 |
||
| 650 |
_aANTECEDENTES HISTÓRICOS _966931 |
||
| 650 |
_aCONTADURÍA PÚBLICA _966932 |
||
| 650 |
_aPERFIL DEL CONTADOR _966933 |
||
| 650 |
_aÉTICA PROFESIONAL _966934 |
||
| 650 |
_aINFORMACIÓN FINANCIERA _966935 |
||
| 650 |
_aESTRUCTURA GENERAL DE LA CUENTA _966936 |
||
| 650 |
_aACTIVOS _966937 |
||
| 650 |
_aPASIVOS _966938 |
||
| 650 |
_aCAPITAL _966939 |
||
| 650 |
_aRESULTADOS _966940 |
||
| 650 |
_aLIBRO DE DIARIO _966941 |
||
| 650 |
_aLIBRO MAYOR _966942 |
||
| 650 |
_aAUXILIARES _966943 |
||
| 650 |
_aREGISTRO DE MERCANCÍAS _966944 |
||
| 650 |
_aINVENTARIOS _966945 |
||
| 650 |
_aESTADOS FINANCIEROS _966946 |
||
| 650 |
_aEJERCICIOS _966947 |
||
| 692 |
_CDAE _CSE |
||
| 942 | _cBK | ||
| 999 |
_c13453 _d13453 |
||